000 00724nam a2200193Ii 4500
003 JO-AjNU
008 230605s9999||||xx |||||||||||||| ||und||
040 _aJO-AjNU
_bara
_erda
_cJO-AjNU
041 _aara
050 1 4 _aDS36.2U5.T9412 1985
100 3 _aايفلاند، ويلبر كرين؛ ترجمة حداد، علي,
_eauthor
_938024
245 0 0 _aحبال من رمال : فشل امريكا في الشرق الاوسط
264 3 1 _aد.م: دار المروج، 1985
300 _a254ص
336 _atext
_btxt
_2rdacontent
337 _aunmediated
_bn
_2rdamedia
338 _avolume
_bnc
_2rdacarrier
650 4 _aالشرق الاوسط-العلاقات الجارجية - امريكا - تاريخ
_938025
999 _aA15941
_c19509
_d19509